Т. 16 : Материалы по изучению водного режима и влагооборота почв Молого-Шекснинской низины. Результаты работ почвенного отряда Волжско-Камской экспедиции; Труды Почвенного института имени В. В. Докучаева

Bibliografiske detaljer
Parent link:Труды Почвенного института имени В. В. Докучаева: [журнал]/ Академия наук СССР (АН СССР), Почвенный институт им. В. В. Докучаева. Т. 16 : Материалы по изучению водного режима и влагооборота почв Молого-Шекснинской низины. Результаты работ почвенного отряда Волжско-Камской экспедиции.— , 1926-
Andre forfattere: Роде А. А. (редактор)
Sprog:russisk
Udgivet: 1937
Fag:
Format: MixedMaterials Bog
KOHA link:https://koha.lib.tpu.ru/cgi-bin/koha/opac-detail.pl?biblionumber=351145

MARC

LEADER 00000nam2a2200000 4500
001 351145
005 20231102010355.0
035 |a (RuTPU)RU\TPU\retro\5743 
035 |a RU\TPU\retro\5742 
090 |a 351145 
100 |a 20190411d1937 k y0rusy50 ca 
101 0 |a rus 
102 |a RU 
105 |a a z 001zy 
200 0 |a Т. 16 : Материалы по изучению водного режима и влагооборота почв Молого-Шекснинской низины. Результаты работ почвенного отряда Волжско-Камской экспедиции  |f под ред. А. А. Роде 
210 |d 1937 
215 |a 342 с.  |c ил. 
320 |a Библиогр. в конце ст. 
461 1 |0 (RuTPU)RU\TPU\retro\5702  |t Труды Почвенного института имени В. В. Докучаева  |o [журнал]  |f Академия наук СССР (АН СССР), Почвенный институт им. В. В. Докучаева  |v Т. 16 : Материалы по изучению водного режима и влагооборота почв Молого-Шекснинской низины. Результаты работ почвенного отряда Волжско-Камской экспедиции  |d 1926-  
606 1 |a Почвоведение  |2 stltpush  |3 (RuTPU)RU\TPU\subj\71851  |9 85566 
610 1 |a исследования 
610 1 |a геология 
610 1 |a почвы 
610 1 |a анализ 
610 1 |a грунтовые воды 
610 1 |a водный режим 
610 1 |a Ярославская область 
675 |a 631.4  |v 4 
702 1 |a Роде  |b А. А.  |4 340 
801 1 |a RU  |b 63413507  |c 20190408 
801 2 |a RU  |b 63413507  |c 20190411  |g RCR 
942 |c BK